Enfoque moderno de la lógica clásica
Zapisane w:
| 1. autor: | |
|---|---|
| Format: | Książka |
| Język: | hiszpański |
| Wydane: |
Santiago
Universitaria
1967
|
| Wydanie: | 2a. ed |
| Seria: | Contribuciones a la lógica simbólica, 1
|
| Hasła przedmiotowe: | |
| Etykiety: |
Dodaj etykietę
Nie ma etykietki, Dołącz pierwszą etykiete!
|
MARC
| LEADER | 00000nam a2200000 a 4500 | ||
|---|---|---|---|
| 001 | UCW0821 | ||
| 003 | CL-VaPUC | ||
| 008 | 890829e19670000CL |||||||||||||||||spa|d | ||
| 082 | 0 | 4 | |a 160 |b STA |2 21 |
| 100 | 0 | |a Stahl, Gerold |e author |9 304754 | |
| 245 | 1 | 0 | |a Enfoque moderno de la lógica clásica |
| 250 | |a 2a. ed | ||
| 300 | |a 150 p | ||
| 942 | |c BK | ||
| 945 | |d 19890829 00:00:00 | ||
| 260 | |a Santiago |b Universitaria |c 1967 | ||
| 650 | 0 | |a Lógica |9 256849 | |
| 583 | |a last modification |c 19890829 00:00:00 |k Rodrigo Vera | ||
| 490 | 0 | |a Contribuciones a la lógica simbólica, 1 | |
| 999 | |c 215871 |d 215869 | ||
| 952 | |0 0 |1 0 |4 0 |6 160_000000000000000_STA_1967 |7 0 |8 A |9 201041 |a BIBMAT |b BIBMAT |d 2019-11-14 |i 2681684 |o 160 STA 1967 |p 2681684 |r 2025-01-07 |w 2019-11-14 |y BK |k MAT | ||
| 952 | |0 0 |1 0 |4 0 |6 160_000000000000000_STA_1967 |7 0 |8 A |9 201042 |a BIBMAT |b BIBMAT |d 2019-11-14 |i 1492713 |o 160 STA 1967 |p 1492713 |r 2025-01-07 |w 2019-11-14 |y BK |k MAT | ||